NGOs, states and donors : (Record no. 3302)
[ view plain ]
| 000 -LEADER | |
|---|---|
| fixed length control field | 01344cam a2200337 a 4500 |
| 001 - CONTROL NUMBER | |
| control field | 690893 |
| 003 - CONTROL NUMBER IDENTIFIER | |
| control field | OSt |
| 005 - DATE AND TIME OF LATEST TRANSACTION | |
| control field | 20160422183634.0 |
| 008 - FIXED-LENGTH DATA ELEMENTS--GENERAL INFORMATION | |
| fixed length control field | 960612s1997 nyua b 101 0 eng |
| 010 ## - LIBRARY OF CONGRESS CONTROL NUMBER | |
| LC control number | 96027848 |
| 020 ## - INTERNATIONAL STANDARD BOOK NUMBER | |
| International Standard Book Number | 0333665821 |
| 040 ## - CATALOGING SOURCE | |
| Transcribing agency | DDC. |
| 050 00 - LIBRARY OF CONGRESS CALL NUMBER | |
| Classification number | HC60 |
| Item number | .N5 1997 |
| 082 00 - DEWEY DECIMAL CLASSIFICATION NUMBER | |
| Classification number | 338.91 |
| Edition number | 20 |
| Item number | NGO 1997 |
| 100 ## - MAIN ENTRY--PERSONAL NAME | |
| Personal name | Edited by Hulme ,David;Edwards,Micheal; |
| 9 (RLIN) | 8209 |
| 245 00 - TITLE STATEMENT | |
| Title | NGOs, states and donors : |
| Remainder of title | Too close for comfort? . |
| 260 ## - PUBLICATION, DISTRIBUTION, ETC. (IMPRINT) | |
| Place of publication, distribution, etc. | New York : |
| Name of publisher, distributor, etc. | ST.Martin's Press,INC |
| Date of publication, distribution, etc. | 1997. |
| 300 ## - PHYSICAL DESCRIPTION | |
| Extent | xvii, 309 p. : |
| Other physical details | ill. ; |
| Dimensions | 23 cm. |
| 440 #0 - SERIES STATEMENT/ADDED ENTRY--TITLE | |
| Title | International political economy series |
| 9 (RLIN) | 970 |
| 504 ## - BIBLIOGRAPHY, ETC. NOTE | |
| Bibliography, etc | Includes bibliographical references (p. 285-295) and index. |
| 650 #0 - SUBJECT ADDED ENTRY--TOPICAL TERM | |
| Topical term or geographic name as entry element | Non-governmental organizations |
| General subdivision | Congresses. |
| 9 (RLIN) | 7398 |
| 650 #0 - SUBJECT ADDED ENTRY--TOPICAL TERM | |
| Topical term or geographic name as entry element | Economic assistance |
| General subdivision | Congresses. |
| 9 (RLIN) | 7399 |
| 651 #0 - SUBJECT ADDED ENTRY--GEOGRAPHIC NAME | |
| Geographic name | Developing countries |
| General subdivision | Economic policy |
| -- | Congresses. |
| 9 (RLIN) | 7400 |
| 700 1# - ADDED ENTRY--PERSONAL NAME | |
| Personal name | Hulme, David. |
| 9 (RLIN) | 7401 |
| 700 1# - ADDED ENTRY--PERSONAL NAME | |
| Personal name | Edwards, Michael, |
| Dates associated with a name | 1957- |
| 9 (RLIN) | 7402 |
| 856 42 - ELECTRONIC LOCATION AND ACCESS | |
| Materials specified | Publisher description |
| Uniform Resource Identifier | http://www.loc.gov/catdir/description/hol055/96027848.html |
| 856 41 - ELECTRONIC LOCATION AND ACCESS | |
| Materials specified | Table of contents |
| Uniform Resource Identifier | http://www.loc.gov/catdir/toc/hol052/96027848.html |
| 906 ## - LOCAL DATA ELEMENT F, LDF (RLIN) | |
| a | 7 |
| b | cbc |
| c | orignew |
| d | 1 |
| e | ocip |
| f | 19 |
| g | y-gencatlg |
| 942 ## - ADDED ENTRY ELEMENTS (KOHA) | |
| Source of classification or shelving scheme | Dewey Decimal Classification |
| Koha item type | Short Loan |
| Withdrawn status | Lost status | Source of classification or shelving scheme | Damaged status | Not for loan | Home library | Current library | Date acquired | Source of acquisition | Inventory number | Total Checkouts | Full call number | Barcode | Date last seen | Price effective from | Koha item type |
|---|---|---|---|---|---|---|---|---|---|---|---|---|---|---|---|
| Dewey Decimal Classification | MUST Main Library | MUST Main Library | 23/03/2016 | 2003/18863 | 338.91 NGO 1997 | 2016-0501 | 23/03/2016 | 23/03/2016 | Short Loan | ||||||
| Dewey Decimal Classification | MUST Main Library | MUST Main Library | 08/04/2016 | 03/18891 | 338.91 NGO 1997 | 2016-0652 | 08/04/2016 | 08/04/2016 | Short Loan | ||||||
| Dewey Decimal Classification | MUST Main Library | MUST Main Library | 22/04/2016 | 03/18890 | 338.91 NGO 1997 | 2016-1191 | 22/04/2016 | 22/04/2016 | Short Loan | ||||||
| Dewey Decimal Classification | MUST Main Library | MUST Main Library | 22/04/2016 | 2001/16592 | 338.91 NGO 1997 | 2016-1201 | 22/04/2016 | 22/04/2016 | Short Loan | ||||||
| Dewey Decimal Classification | MUST Main Library | MUST Main Library | 22/04/2016 | 03/18889 | 338.91 NGO 1997 | 2016-1202 | 22/04/2016 | 22/04/2016 | Short Loan |
